Normal view
MARC view
Entry Personal Name
001 - CONTROL NUMBER
- control field: 7274
003 - CONTROL NUMBER IDENTIFIER
- control field: ARRUPE
005 - DATE AND TIME OF LATEST TRANSACTION
- control field: 20140129175333.0
008 - FIXED-LENGTH DATA ELEMENTS
- fixed length control field: 140129|| aca||aabn | a|a d
040 ## - CATALOGING SOURCE
- Original cataloging agency: ARRUPE
- Transcribing agency: ARRUPE
100 ## - HEADING--PERSONAL NAME
- Personal name: Kollbrunner, Fritz.
670 ## - SOURCE DATA FOUND
- Source citation: Work cat.: (ARRUPE)0: Kollbrunner, Fritz., The splendour and confusion of mission today :, 1974.